[Event "Gausdal Classics 2008 GM-B"]
[Site "Gausdal NOR"]
[Date "2008.04.08"]
[Round "1.1"]
[White "Leniart, Arkadiusz"]
[Black "Berelovich, Aleksandar"]
[Result "1-0"]
[WhiteElo "2324"]
[BlackElo "2595"]
[PlyCount "156"]
[EventDate "2008.04.08"]
[EventType "swiss"]
[EventRounds "9"]
[EventCountry "NOR"]
[Source "lmi"]
[SourceDate "2008.04.08"]

1. e4 e6 2. d4 d5 3. Nc3 Bb4 4. e5 c5 5. Bd2 Ne7 6. Nb5 Bxd2+ 7. Qxd2 O-O 8. c3
Nbc6 9. f4 f6 10. exf6 Rxf6 11. dxc5 b6 12. cxb6 Qxb6 13. Nf3 Bd7 14. Nbd4 Rb8
15. b3 Qc7 16. Be2 Qxf4 17. Qxf4 Rxf4 18. Nxc6 Nxc6 19. O-O h6 20. Rad1 Be8 21.
g3 Rf6 22. Nd4 Rxf1+ 23. Bxf1 Nxd4 24. Rxd4 Bf7 25. Rd1 e5 26. Bg2 Rc8 27. Bxd5
Rxc3 28. Bxf7+ Kxf7 29. Rd7+ Kf6 30. Rxa7 Rc2 31. Ra4 h5 32. h3 Ke6 33. Ra5 Kf5
34. Ra4 g5 35. g4+ hxg4 36. hxg4+ Ke6 37. Ra5 Rd2 38. Kf1 Rb2 39. Ke1 Rg2 40.
Ra4 Kd5 41. a3 Rb2 42. Rb4 e4 43. a4 Ra2 44. Kd1 Ke5 45. Kc1 e3 46. Kd1 Kd5 47.
Ke1 Ke5 48. Rc4 Kd5 49. Rb4 Ke5 50. a5 Rxa5 51. Ke2 Rc5 52. Kxe3 Rc3+ 53. Kd2
Rf3 54. Kc2 Kd5 55. Kb2 Kc5 56. Ra4 Kb5 57. Re4 Rf1 58. Ra4 Rf2+ 59. Kc3 Rf3+
60. Kc2 Rf2+ 61. Kd3 Rf3+ 62. Ke4 Rxb3 63. Rd4 Kc6 64. Kf5 Rb5+ 65. Kf6 Kc7 66.
Rd1 Ra5 67. Kg6 Rb5 68. Kh5 Ra5 69. Kh6 Rb5 70. Kg6 Ra5 71. Rf1 Kd7 72. Rf5 Ra8
73. Kxg5 Rg8+ 74. Kf4 Ra8 75. g5 Ra4+ 76. Ke5 Ra6 77. Rf6 Ra5+ 78. Kf4 Ke7 1-0

[Event "Gausdal Classics 2008 GM-B"]
[Site "Gausdal NOR"]
[Date "2008.04.08"]
[Round "1.2"]
[White "Levin, Felix"]
[Black "Forsaa, Espen"]
[Result "1/2-1/2"]
[WhiteElo "2546"]
[BlackElo "2312"]
[PlyCount "56"]
[EventDate "2008.04.08"]
[EventType "swiss"]
[EventRounds "9"]
[EventCountry "NOR"]
[Source "lmi"]
[SourceDate "2008.04.08"]

1. d4 Nf6 2. c4 e6 3. Nc3 Bb4 4. Qc2 O-O 5. a3 Bxc3+ 6. Qxc3 b6 7. Bg5 Ba6 8.
Qf3 Nc6 9. e3 Na5 10. Rc1 c5 11. e4 h6 12. Bh4 g5 13. Bg3 d5 14. cxd5 Bxf1 15.
Kxf1 exd5 16. exd5 Re8 17. Be5 Nxd5 18. h4 cxd4 19. Bxd4 Nf4 20. Rd1 Qd7 21.
Be3 Qb5+ 22. Ne2 Rad8 23. Re1 Nxe2 24. Qxe2 Nc4 25. Kg1 Rd2 26. Qf3 Nxe3 27.
fxe3 Qd5 28. Qxd5 Rxd5 1/2-1/2

[Event "Gausdal Classics 2008 GM-B"]
[Site "Gausdal NOR"]
[Date "2008.04.08"]
[Round "1.3"]
[White "Grotnes, Nils Ragnar"]
[Black "Rotstein, Arkadij"]
[Result "1/2-1/2"]
[WhiteElo "2256"]
[BlackElo "2528"]
[PlyCount "53"]
[EventDate "2008.04.08"]
[EventType "swiss"]
[EventRounds "9"]
[EventCountry "NOR"]
[Source "lmi"]
[SourceDate "2008.04.08"]

1. d4 Nf6 2. c4 e6 3. Nc3 Bb4 4. e3 O-O 5. Bd3 d5 6. Nf3 b6 7. Qc2 dxc4 8. Bxc4
Bb7 9. O-O c5 10. dxc5 Qc7 11. Nb5 Qxc5 12. a3 Bxf3 13. gxf3 Rc8 14. axb4 Qxc4
15. Qxc4 Rxc4 16. Rxa7 Rxa7 17. Nxa7 Rxb4 18. Rd1 Nfd7 19. Rd3 Kf8 20. b3 Ke8
21. Ba3 Nc5 22. Bxb4 Nxd3 23. Ba3 Ne1 24. f4 Nf3+ 25. Kg2 Nd2 26. Nc8 Nxb3 27.
Nxb6 1/2-1/2

[Event "Gausdal Classics 2008 GM-B"]
[Site "Gausdal NOR"]
[Date "2008.04.08"]
[Round "1.6"]
[White "Flumbort, Andras"]
[Black "Naslund, Mikael"]
[Result "1-0"]
[WhiteElo "2499"]
[BlackElo "2228"]
[PlyCount "49"]
[EventDate "2008.04.08"]
[EventType "swiss"]
[EventRounds "9"]
[EventCountry "NOR"]
[Source "lmi"]
[SourceDate "2008.04.08"]

1. d4 Nf6 2. c4 e6 3. Nc3 Bb4 4. Qc2 O-O 5. a3 Bxc3+ 6. Qxc3 b6 7. Bg5 Ba6 8.
Qf3 Nc6 9. e3 Na5 10. Rc1 c5 11. d5 h6 12. Bxf6 Qxf6 13. Qxf6 gxf6 14. Nh3 Rfc8
15. Nf4 Kg7 16. Nh5+ Kg6 17. g4 Rab8 18. Bd3+ f5 19. h4 b5 20. gxf5+ exf5 21.
Rg1+ Kh7 22. Rg7+ Kh8 23. Bxf5 Rb6 24. Rxf7 bxc4 25. Nf6 1-0

[Event "Gausdal Classics 2008 GM-B"]
[Site "Gausdal NOR"]
[Date "2008.04.08"]
[Round "1.9"]
[White "Soderberg, Per"]
[Black "Akesson, Ralf"]
[Result "0-1"]
[WhiteElo "2195"]
[BlackElo "2466"]
[PlyCount "54"]
[EventDate "2008.04.08"]
[EventType "swiss"]
[EventRounds "9"]
[EventCountry "NOR"]
[Source "lmi"]
[SourceDate "2008.04.08"]

1. e4 c6 2. Nc3 d5 3. Nf3 Bg4 4. h3 Bxf3 5. Qxf3 e6 6. d3 Nf6 7. a3 Nbd7 8. g4
h6 9. Bg2 Bd6 10. Qe2 d4 11. Nd1 Qb8 12. c3 c5 13. Bd2 Bf4 14. Bxf4 Qxf4 15.
Qd2 Ne5 16. cxd4 cxd4 17. b4 Ng6 18. Bf1 Rc8 19. Nb2 b5 20. Be2 O-O 21. Bd1 Rc3
22. h4 Rfc8 23. g5 hxg5 24. hxg5 Nd7 25. Rg1 Qh2 26. Rg3 Qh1+ 27. Ke2 Rc2 0-1

[Event "Gausdal Classics 2008 GM-B"]
[Site "Gausdal NOR"]
[Date "2008.04.08"]
[Round "1.11"]
[White "Bentsen, Hakon"]
[Black "Djurhuus, Rune"]
[Result "0-1"]
[WhiteElo "2180"]
[BlackElo "2459"]
[PlyCount "78"]
[EventDate "2008.04.08"]
[EventType "swiss"]
[EventRounds "9"]
[EventCountry "NOR"]
[Source "lmi"]
[SourceDate "2008.04.08"]

1. e4 c5 2. Nf3 d6 3. d4 cxd4 4. Nxd4 Nf6 5. Nc3 a6 6. Be3 e5 7. Nb3 Be7 8. f3
h5 9. Bc4 Nbd7 10. Qd2 b5 11. Bd5 Rb8 12. a3 Nb6 13. Na5 Nfxd5 14. Nxd5 Nxd5
15. Nc6 Qc7 16. exd5 Ra8 17. Nxe7 Qxe7 18. a4 Qb7 19. Qb4 Qxd5 20. Rd1 Qc6 21.
Rxd6 Qxc2 22. axb5 O-O 23. b6 Qxg2 24. Rg1 Qxf3 25. Rg3 Qh1+ 26. Rg1 Qxh2 27.
Rd2 Qh3 28. Bc5 Bb7 29. Bxf8 Qe3+ 30. Kf1 Rxf8 31. Qc3 Qxb6 32. Qxe5 g6 33. Rg3
Bc6 34. Qxh5 Bb5+ 35. Kg2 Re8 36. Qh4 Bc6+ 37. Kh2 Qa5 38. Qd4 Qh5+ 39. Rh3
Re2+ 0-1

[Event "Gausdal Classics 2008 GM-B"]
[Site "Gausdal NOR"]
[Date "2008.04.08"]
[Round "1.12"]
[White "Hammer, Jon Ludvig"]
[Black "Van Den Bersselaar, Jeroen"]
[Result "1-0"]
[WhiteElo "2457"]
[BlackElo "2177"]
[PlyCount "127"]
[EventDate "2008.04.08"]
[EventType "swiss"]
[EventRounds "9"]
[EventCountry "NOR"]
[Source "lmi"]
[SourceDate "2008.04.08"]

1. e4 c6 2. d4 d5 3. Nd2 dxe4 4. Nxe4 Bf5 5. Nc5 b6 6. Nb3 e6 7. Nf3 Nf6 8. g3
a5 9. Bg2 a4 10. Nbd2 a3 11. O-O axb2 12. Bxb2 Ba3 13. Bxa3 Rxa3 14. Nc4 Ra4
15. Nfe5 O-O 16. c3 b5 17. Nd2 Nd5 18. Qb3 Qa5 19. g4 Bg6 20. Bxd5 cxd5 21. a3
Rc8 22. Rfc1 Nc6 23. Nxc6 Rxc6 24. Qb2 h6 25. h3 Rc8 26. Nb3 Qa7 27. Nc5 Ra5
28. Ra2 Qc7 29. Qd2 Rca8 30. Rca1 R5a7 31. Kg2 e5 32. Qe3 exd4 33. cxd4 Qc6 34.
Re1 b4 35. a4 Ra5 36. Rb2 Rb8 37. Rc1 Qf6 38. Nd7 Qd6 39. Nxb8 Qxb8 40. Qg3 Qa7
41. Rxb4 Rxa4 42. Rxa4 Qxa4 43. Qe3 Qa2 44. Kg3 Kh7 45. f3 Qb2 46. Rc5 Qb8+ 47.
Qf4 Qb1 48. Rc1 Qb2 49. Qe3 Qb8+ 50. Qe5 Qb2 51. Re1 Qd2 52. Qe3 Qb2 53. Rg1
Qb8+ 54. Qe5 Qb3 55. h4 Qa2 56. h5 Bd3 57. Qe3 Qb3 58. Rc1 Qb8+ 59. Qf4 Qb2 60.
Qe3 Qb8+ 61. Kh3 Qb3 62. Qd2 Qb5 63. Rc3 Bb1 64. Qd1 1-0

[Event "Gausdal Classics 2008 GM-B"]
[Site "Gausdal NOR"]
[Date "2008.04.08"]
[Round "1.14"]
[White "Lindberg, Bengt"]
[Black "Vovk, Oksana"]
[Result "1/2-1/2"]
[WhiteElo "2442"]
[BlackElo "2166"]
[PlyCount "100"]
[EventDate "2008.04.08"]
[EventType "swiss"]
[EventRounds "9"]
[EventCountry "NOR"]
[Source "lmi"]
[SourceDate "2008.04.08"]

1. e4 e6 2. d4 d5 3. Nc3 Nf6 4. Bg5 Be7 5. e5 Nfd7 6. Bxe7 Qxe7 7. f4 O-O 8.
Nf3 c5 9. dxc5 Nc6 10. Qd2 Nxc5 11. O-O-O f6 12. exf6 Qxf6 13. g3 Rd8 14. Qe1
a6 15. Kb1 b5 16. Ne2 b4 17. Ned4 Nxd4 18. Nxd4 a5 19. Bb5 Bd7 20. Bxd7 Rxd7
21. Rf1 Ne4 22. g4 Rc8 23. g5 Qg6 24. h4 Rc4 25. Qe3 Rdc7 26. Qd3 Rf7 27. h5
Qxh5 28. Nxe6 Rd7 29. f5 Qe8 30. Nf4 Rc5 31. Rfe1 Re7 32. Nxd5 Nc3+ 33. Qxc3
Rxd5 34. Qc4 Rxe1 35. Qxd5+ Kf8 36. Qd2 Rxd1+ 37. Qxd1 Qe4 38. Qf1 Qg4 39. g6
h5 40. a3 bxa3 41. Qd3 Ke7 42. Qxa3+ Kf6 43. Qf8+ Kg5 44. f6 Qd1+ 45. Ka2 Qxc2
46. fxg7 Qc4+ 47. Ka3 Qd3+ 48. b3 Qd4 49. Ka2 Qd2+ 50. Ka3 Qd4 1/2-1/2

[Event "Gausdal Classics 2008 GM-B"]
[Site "Gausdal NOR"]
[Date "2008.04.08"]
[Round "1.15"]
[White "Saevareid, Ove"]
[Black "Sundararajan, Kidambi"]
[Result "0-1"]
[WhiteElo "2162"]
[BlackElo "2441"]
[PlyCount "70"]
[EventDate "2008.04.08"]
[EventType "swiss"]
[EventRounds "9"]
[EventCountry "NOR"]
[Source "lmi"]
[SourceDate "2008.04.08"]

1. c4 Nf6 2. g3 c6 3. Bg2 d5 4. Nf3 dxc4 5. Qc2 Be6 6. Ng5 Bd5 7. e4 h6 8. Nh3
Be6 9. Nf4 Bc8 10. Qxc4 e5 11. Ne2 Be6 12. Qc3 Na6 13. O-O Nc5 14. Qxe5 Nd3 15.
Qc3 Bc5 16. Nf4 Nxf4 17. gxf4 Bd4 18. Qc2 Ng4 19. h3 h5 20. hxg4 hxg4 21. d3
Qh4 22. Re1 g3 23. Be3 Qh2+ 24. Kf1 Bh3 25. Bxd4 Qxg2+ 26. Ke2 Bg4+ 27. Ke3 Rh3
28. Bxg7 gxf2+ 29. Kd4 O-O-O+ 30. Ke5 Rh5+ 31. Kf6 fxe1=Q 32. Qxg2 Qh4+ 33.
Kxf7 Rd7+ 34. Kg6 Rh6+ 35. Bxh6 Qh5+ 0-1

[Event "Gausdal Classics 2008 GM-B"]
[Site "Gausdal NOR"]
[Date "2008.04.08"]
[Round "1.16"]
[White "Lie, Espen"]
[Black "Mader, Manuela"]
[Result "1-0"]
[WhiteElo "2440"]
[BlackElo "2161"]
[PlyCount "69"]
[EventDate "2008.04.08"]
[EventType "swiss"]
[EventRounds "9"]
[EventCountry "NOR"]
[Source "lmi"]
[SourceDate "2008.04.08"]

1. e4 c6 2. d4 d5 3. e5 Bf5 4. h4 h5 5. c3 e6 6. Bd3 Ne7 7. Nf3 Nd7 8. Bg5 Bxd3
9. Qxd3 Qc7 10. O-O f6 11. Bf4 Nf5 12. Re1 O-O-O 13. Nbd2 Rg8 14. g3 fxe5 15.
Nxe5 Nxe5 16. Rxe5 Qf7 17. Nf3 Be7 18. Rae1 Nxh4 19. Nxh4 Bxh4 20. Rxe6 Rgf8
21. Qe3 Bf6 22. Bd6 Rh8 23. Bc5 a6 24. Bb6 Rdf8 25. Bc5 Rd8 26. Qf4 Qc7 27. Bd6
Qd7 28. Qe3 h4 29. g4 Qf7 30. Bh2 g5 31. Qf3 Rh6 32. Qf5 Qd7 33. Rxf6 Rxf6 34.
Qxf6 Qxg4+ 35. Kh1 1-0

[Event "Gausdal Classics 2008 GM-B"]
[Site "Gausdal NOR"]
[Date "2008.04.08"]
[Round "1.17"]
[White "Quinn, John M"]
[Black "Elsness, Frode"]
[Result "0-1"]
[WhiteElo "2157"]
[BlackElo "2429"]
[PlyCount "46"]
[EventDate "2008.04.08"]
[EventType "swiss"]
[EventRounds "9"]
[EventCountry "NOR"]
[Source "lmi"]
[SourceDate "2008.04.08"]

1. d4 Nf6 2. c4 g6 3. Nc3 d5 4. Nf3 Bg7 5. Qb3 dxc4 6. Qxc4 O-O 7. e4 Na6 8.
Be2 c5 9. d5 e6 10. Bf4 exd5 11. exd5 Qb6 12. O-O Re8 13. Bd3 Nb4 14. Bb1 Rd8
15. Be3 Nbxd5 16. Bxc5 Qxb2 17. Na4 b5 18. Nxb2 bxc4 19. Bd4 Ba6 20. Re1 Rac8
21. Na4 c3 22. Nc5 Bc4 23. a3 Nf4 0-1

[Event "Gausdal Classics 2008 GM-B"]
[Site "Gausdal NOR"]
[Date "2008.04.08"]
[Round "1.18"]
[White "Pruess, David"]
[Black "Ofstad, Per"]
[Result "1-0"]
[WhiteElo "2425"]
[BlackElo "2155"]
[PlyCount "71"]
[EventDate "2008.04.08"]
[EventType "swiss"]
[EventRounds "9"]
[EventCountry "NOR"]
[Source "lmi"]
[SourceDate "2008.04.08"]

1. e4 e5 2. f4 exf4 3. Nf3 d5 4. exd5 Nf6 5. Bc4 Bd6 6. Qe2+ Qe7 7. Qxe7+ Kxe7
8. O-O Rd8 9. d4 Bf5 10. Bb3 h6 11. c4 c5 12. Nc3 a6 13. dxc5 Bxc5+ 14. Kh1 g5
15. g3 fxg3 16. Nxg5 hxg5 17. Rxf5 Rh8 18. Kg2 Rxh2+ 19. Kxg3 Bd6+ 20. Bf4
Bxf4+ 21. Rxf4 gxf4+ 22. Kxh2 Nbd7 23. Rf1 Rh8+ 24. Kg2 Rg8+ 25. Kf3 Nc5 26.
Ne2 Nfe4 27. Rd1 Kd6 28. Bc2 Ng5+ 29. Kxf4 Nh3+ 30. Ke3 Re8+ 31. Kd2 b5 32. b4
Nd7 33. c5+ Ke5 34. Nc3 Kd4 35. Bb3 Ng5 36. Kc2+ 1-0

[Event "Gausdal Classics 2008 GM-B"]
[Site "Gausdal NOR"]
[Date "2008.04.08"]
[Round "1.19"]
[White "Unander, Matts"]
[Black "Collins, Sam E"]
[Result "1/2-1/2"]
[WhiteElo "2132"]
[BlackElo "2421"]
[PlyCount "104"]
[EventDate "2008.04.08"]
[EventType "swiss"]
[EventRounds "9"]
[EventCountry "NOR"]
[Source "lmi"]
[SourceDate "2008.04.08"]

1. e4 e5 2. Nf3 Nc6 3. Bb5 a6 4. Ba4 Nf6 5. d4 exd4 6. O-O Be7 7. Re1 b5 8. e5
Nxe5 9. Rxe5 d6 10. Re1 bxa4 11. Nxd4 Bd7 12. Qf3 O-O 13. Nc6 Bxc6 14. Qxc6 d5
15. Nc3 Bd6 16. h3 Rb8 17. Nxa4 Ne4 18. Be3 Qe8 19. Qxe8 Rfxe8 20. Rad1 c6 21.
g4 f5 22. f3 Nf6 23. Ba7 Rxe1+ 24. Rxe1 Rb7 25. Re6 Bf8 26. Bf2 fxg4 27. hxg4
Rc7 28. Nc5 Kf7 29. Re2 Rc8 30. a4 Bxc5 31. Bxc5 Re8 32. Rxe8 Nxe8 33. Kf2 Nc7
34. Ke3 g6 35. Bd6 Ne8 36. Bg3 Nf6 37. Kd4 Nd7 38. b4 Ke6 39. Bf4 h5 40. Bg3
Kf6 41. c4 dxc4 42. gxh5 gxh5 43. Kxc4 Kg5 44. b5 Nb6+ 45. Kc5 Nxa4+ 46. Kxc6
axb5 47. Kxb5 Nc3+ 48. Kc4 Ne2 49. Bh2 h4 50. Kd3 Ng3 51. Ke3 Kf5 52. Kf2 Ne4+
1/2-1/2

[Event "Gausdal Classics 2008 GM-B"]
[Site "Gausdal NOR"]
[Date "2008.04.08"]
[Round "1.20"]
[White "Vidonyak, Roman"]
[Black "Tofte, Sondre Waage"]
[Result "1/2-1/2"]
[WhiteElo "2400"]
[BlackElo "2131"]
[PlyCount "167"]
[EventDate "2008.04.08"]
[EventType "swiss"]
[EventRounds "9"]
[EventCountry "NOR"]
[Source "lmi"]
[SourceDate "2008.04.08"]

1. Nf3 Nf6 2. c4 e6 3. Nc3 d5 4. d4 Be7 5. cxd5 exd5 6. Bf4 O-O 7. e3 Bf5 8.
Qb3 Nc6 9. Rc1 Na5 10. Qa4 c6 11. Be2 Nh5 12. Be5 f6 13. Bg3 Nxg3 14. hxg3 b5
15. Qd1 Qd7 16. Nh4 Be6 17. Bd3 f5 18. Qc2 Rae8 19. g4 Bxh4 20. Rxh4 h6 21.
gxf5 Bxf5 22. Bxf5 Rxf5 23. Ne2 Qf7 24. Ng3 Rg5 25. Rh3 Qf6 26. Kf1 Nc4 27. Kg1
Rf8 28. Nh5 Qe6 29. Nf4 Qg4 30. Rh2 Rgf5 31. b3 Nd6 32. Qd1 Qxd1+ 33. Rxd1 Ne4
34. Rc1 R5f6 35. Rc2 b4 36. Nd3 a5 37. f3 Nc3 38. Kf2 Re8 39. Ne5 c5 40. Ng4
Rfe6 41. dxc5 Nd1+ 42. Kg3 Nxe3 43. Nxe3 Rxe3 44. Rh5 d4 45. Rc4 d3 46. c6 d2
47. Rd4 a4 48. Rxd2 axb3 49. axb3 Rc8 50. Rc2 Rc7 51. Rb2 Rxc6 52. Rb5 Kf7 53.
Rxb4 Re5 54. Rf4+ Rf6 55. Rxf6+ Kxf6 56. b4 Rb5 57. Kf4 Ke6 58. Ke4 Kd6 59.
Rd2+ Ke6 60. Rd4 h5 61. f4 g5 62. Kd3 gxf4 63. Rxf4 Rg5 64. Rh4 Rxg2 65. Rxh5
Kd6 66. Rc5 Rg1 67. Rc4 Kd5 68. Rc5+ Kd6 69. Kc2 Rg3 70. Kb2 Rh3 71. Rc2 Rg3
72. Ka2 Rh3 73. b5 Rh5 74. Rb2 Kc7 75. Ka3 Kb6 76. Ka4 Rh4+ 77. Rb4 Rxb4+ 78.
Kxb4 Kb7 79. Kc5 Kc7 80. b6+ Kb7 81. Kb5 Kb8 82. Kc6 Kc8 83. b7+ Kb8 84. Kb6
1/2-1/2

[Event "Gausdal Classics 2008 GM-B"]
[Site "Gausdal NOR"]
[Date "2008.04.08"]
[Round "1.21"]
[White "Bentsen, Oyvind"]
[Black "Peek, Marcel"]
[Result "1/2-1/2"]
[WhiteElo "2115"]
[BlackElo "2389"]
[PlyCount "79"]
[EventDate "2008.04.08"]
[EventType "swiss"]
[EventRounds "9"]
[EventCountry "NOR"]
[Source "lmi"]
[SourceDate "2008.04.08"]

1. e4 c5 2. Nf3 d6 3. d4 cxd4 4. Nxd4 Nf6 5. Nc3 Nc6 6. Be2 e5 7. Ndb5 a6 8.
Na3 b5 9. Nd5 Be7 10. Be3 Rb8 11. f3 O-O 12. c4 b4 13. Nb1 Nxd5 14. cxd5 Nd4
15. Bc4 Qb6 16. O-O Qa7 17. Nd2 Bd8 18. Nb3 Bb6 19. Nxd4 exd4 20. Bf2 f5 21.
Qd3 a5 22. Rad1 fxe4 23. fxe4 Bg4 24. Rd2 Qe7 25. Re1 Qg5 26. Bxd4 Bxd4+ 27.
Qxd4 Rbe8 28. Rd3 Bf3 29. g3 h5 30. e5 Rxe5 31. Rxe5 dxe5 32. d6+ Kh8 33. Qe3
Qg4 34. Qxe5 Qxc4 35. Rxf3 Qc1+ 36. Kg2 Qc2+ 37. Kh3 Qc8+ 38. Kg2 Qc2+ 39. Kh3
Qc8+ 40. Kg2 1/2-1/2

[Event "Gausdal Classics 2008 GM-B"]
[Site "Gausdal NOR"]
[Date "2008.04.08"]
[Round "1.22"]
[White "Hirneise, Tobias"]
[Black "Obers, Frits"]
[Result "1/2-1/2"]
[WhiteElo "2382"]
[BlackElo "2111"]
[PlyCount "65"]
[EventDate "2008.04.08"]
[EventType "swiss"]
[EventRounds "9"]
[EventCountry "NOR"]
[Source "lmi"]
[SourceDate "2008.04.08"]

1. e4 c5 2. Nf3 d6 3. d4 cxd4 4. Nxd4 Nf6 5. Nc3 a6 6. Be3 e5 7. Nb3 Be6 8. f3
Be7 9. Qd2 O-O 10. O-O-O Nbd7 11. g4 b5 12. g5 b4 13. Ne2 Ne8 14. f4 a5 15. f5
a4 16. fxe6 axb3 17. exf7+ Rxf7 18. Kb1 bxc2+ 19. Kxc2 Nb6 20. Nc1 Qc8+ 21. Kb1
Nc4 22. Bxc4 Qxc4 23. Qd3 Rc8 24. b3 Qxd3+ 25. Nxd3 Rf3 26. Bc1 Rb8 27. Ne1 Rh3
28. Nc2 Nc7 29. Bd2 d5 30. exd5 Nxd5 31. Be1 Rb5 32. Bd2 Nc3+ 33. Bxc3 1/2-1/2

[Event "Gausdal Classics 2008 GM-B"]
[Site "Gausdal NOR"]
[Date "2008.04.08"]
[Round "1.23"]
[White "Stips, Felix"]
[Black "Cox, John J"]
[Result "0-1"]
[WhiteElo "2102"]
[BlackElo "2380"]
[PlyCount "52"]
[EventDate "2008.04.08"]
[EventType "swiss"]
[EventRounds "9"]
[EventCountry "NOR"]
[Source "lmi"]
[SourceDate "2008.04.08"]

1. Nf3 c5 2. c4 Nc6 3. d4 cxd4 4. Nxd4 e5 5. Nb5 a6 6. Nd6+ Bxd6 7. Qxd6 Qf6 8.
Qd1 Nge7 9. Nc3 O-O 10. g3 b5 11. cxb5 axb5 12. Bg2 b4 13. Nd5 Nxd5 14. Bxd5
Ra5 15. O-O Nd4 16. Bg2 Ba6 17. Re1 b3 18. Bd2 Rxa2 19. Rb1 Rc8 20. Bd5 Qb6 21.
Be3 Rc2 22. Bxd4 exd4 23. e3 Qf6 24. f4 d3 25. Bxb3 Qc6 26. e4 Qb6+ 0-1

[Event "Gausdal Classics 2008 GM-B"]
[Site "Gausdal NOR"]
[Date "2008.04.08"]
[Round "1.24"]
[White "Welling, Gerard"]
[Black "Hansen, Pal Andreas"]
[Result "1-0"]
[WhiteElo "2378"]
[BlackElo "2095"]
[PlyCount "67"]
[EventDate "2008.04.08"]
[EventType "swiss"]
[EventRounds "9"]
[EventCountry "NOR"]
[Source "lmi"]
[SourceDate "2008.04.08"]

1. e4 c5 2. d3 g6 3. g3 Bg7 4. Bg2 Nc6 5. f4 d6 6. Nf3 Nf6 7. O-O O-O 8. Nc3 a6
9. h3 d5 10. e5 Ne8 11. d4 cxd4 12. Nxd4 Nc7 13. Be3 f6 14. exf6 Bxf6 15. Nce2
e6 16. c3 Ne8 17. Nxc6 bxc6 18. Bc5 Be7 19. Bxe7 Qxe7 20. Nd4 Rb8 21. Qe2 Qd6
22. h4 c5 23. Nf3 a5 24. Rfe1 Ng7 25. Ne5 Ba6 26. Qd2 Nf5 27. Kh2 d4 28. b3 Rb6
29. Rad1 Rd8 30. cxd4 cxd4 31. Qxa5 Ne3 32. Rxe3 dxe3 33. Rxd6 Rdxd6 34. Qc5
1-0

[Event "Gausdal Classics 2008 GM-B"]
[Site "Gausdal NOR"]
[Date "2008.04.08"]
[Round "1.26"]
[White "Westerinen, Heikki M.J"]
[Black "Olsson, Lars"]
[Result "1-0"]
[WhiteElo "2357"]
[BlackElo "2067"]
[PlyCount "79"]
[EventDate "2008.04.08"]
[EventType "swiss"]
[EventRounds "9"]
[EventCountry "NOR"]
[Source "lmi"]
[SourceDate "2008.04.08"]

1. e4 c5 2. Nf3 e6 3. Nc3 Nc6 4. Bb5 a6 5. Bxc6 bxc6 6. O-O d6 7. d3 Nf6 8. e5
Nd7 9. exd6 Bxd6 10. Ne4 Be7 11. Bf4 O-O 12. Re1 Qb6 13. b3 a5 14. a4 Rd8 15.
Qe2 Nf6 16. Bg5 Qc7 17. Nxf6+ Bxf6 18. Bxf6 gxf6 19. Nd2 Qf4 20. Ne4 Rd5 21.
Qg4+ Qxg4 22. Nxf6+ Kg7 23. Nxg4 f6 24. Ne3 Rd4 25. Nc4 e5 26. Re3 Be6 27. Nd2
Rb8 28. Ne4 c4 29. bxc4 Rb2 30. Nc5 Bxc4 31. dxc4 Rxc4 32. Nd3 Rbxc2 33. g3 e4
34. Nf4 f5 35. Re2 R2c3 36. Kg2 Rb3 37. h4 Rcc3 38. Kf1 Ra3 39. Rxa3 Rxa3 40.
Rc2 1-0

[Event "Gausdal Classics 2008 GM-B"]
[Site "Gausdal NOR"]
[Date "2008.04.08"]
[Round "1.27"]
[White "Tjolsen, Katrine"]
[Black "Kremenietsky, Anatoly M"]
[Result "0-1"]
[WhiteElo "2066"]
[BlackElo "2354"]
[PlyCount "107"]
[EventDate "2008.04.08"]
[EventType "swiss"]
[EventRounds "9"]
[EventCountry "NOR"]
[Source "lmi"]
[SourceDate "2008.04.08"]

1. d4 Nf6 2. c4 e6 3. Nc3 Bb4 4. Qc2 O-O 5. Bg5 h6 6. Bh4 c5 7. e3 cxd4 8. exd4
Nc6 9. Nf3 d5 10. Rd1 Be7 11. c5 b6 12. Bb5 Bd7 13. O-O bxc5 14. dxc5 Qc7 15.
Bxc6 Bxc6 16. b4 Bd7 17. Rb1 Rfc8 18. Rfc1 Be8 19. Nd4 Qf4 20. Nf3 Qc7 21. Qd2
Qd8 22. Nd4 g5 23. Bg3 Nh5 24. Be5 Ng7 25. Ncb5 f6 26. Bd6 e5 27. Bxe7 Qxe7 28.
Qe2 Qd7 29. c6 Qd8 30. Nxa7 Rxa7 31. b5 exd4 32. b6 Re7 33. Qb5 Ne6 34. a4 d3
35. b7 Rb8 36. Qxd3 Rc7 37. a5 Rxc6 38. a6 Rxc1+ 39. Rxc1 Nc7 40. h3 Bb5 41.
Qg6+ Kf8 42. Qxh6+ Ke7 43. h4 Bxa6 44. hxg5 Bc4 45. gxf6+ Kd7 46. Re1 Kc6 47.
g4 Qd6 48. g5 Kxb7 49. Qh7 Qf4 50. Qg7 Qg4+ 51. Kh2 Qh4+ 52. Kg1 Rh8 53. Qxh8
Qxh8 54. Kg2 0-1

[Event "Gausdal Classics 2008 GM-B"]
[Site "Gausdal NOR"]
[Date "2008.04.08"]
[Round "1.28"]
[White "Afek, Yochanan"]
[Black "Getz, Nicolai"]
[Result "1-0"]
[WhiteElo "2333"]
[BlackElo "2058"]
[PlyCount "41"]
[EventDate "2008.04.08"]
[EventType "swiss"]
[EventRounds "9"]
[EventCountry "NOR"]
[Source "lmi"]
[SourceDate "2008.04.08"]

1. e4 c5 2. c3 e5 3. f4 exf4 4. Nf3 Nc6 5. d4 cxd4 6. cxd4 Bb4+ 7. Nc3 Qe7 8.
Bd3 d5 9. O-O Bxc3 10. bxc3 Nf6 11. e5 Nh5 12. Qb3 Be6 13. Ba3 Qd7 14. Rab1 Rb8
15. Bd6 Rc8 16. Qxb7 Na5 17. Qa6 Nc4 18. Rb7 Qc6 19. Bxc4 Qxc4 20. Re7+ Kd8 21.
Qa5+ 1-0

[Event "Gausdal Classics 2008 GM-B"]
[Site "Gausdal NOR"]
[Date "2008.04.08"]
[Round "1.29"]
[White "Andersen, Mads"]
[Black "Kadziolka, Beata"]
[Result "1/2-1/2"]
[WhiteElo "2020"]
[BlackElo "2326"]
[PlyCount "129"]
[EventDate "2008.04.08"]
[EventType "swiss"]
[EventRounds "9"]
[EventCountry "NOR"]
[Source "lmi"]
[SourceDate "2008.04.08"]

1. e4 c5 2. Nf3 d6 3. d4 cxd4 4. Nxd4 Nf6 5. Nc3 a6 6. Be2 e5 7. Nb3 Be7 8. Be3
Be6 9. Nd5 Nbd7 10. Qd3 Bxd5 11. exd5 O-O 12. O-O Re8 13. c4 Rc8 14. Rad1 Bf8
15. Nd2 b5 16. cxb5 axb5 17. Qb3 b4 18. Bb5 Rb8 19. Bc6 Qc7 20. Qa4 Red8 21.
Qa7 Qxa7 22. Bxa7 Rbc8 23. f3 Nb8 24. Bxb8 Rxb8 25. Rc1 g6 26. Ne4 Nxe4 27.
fxe4 Bh6 28. Rce1 Kg7 29. Rf3 Rf8 30. Ref1 Rb6 31. Rb1 f5 32. Rbf1 Ra6 33. exf5
gxf5 34. a4 bxa3 35. bxa3 f4 36. Rb3 Rf7 37. Re1 Bg5 38. Re4 Bd8 39. Reb4 Ba5
40. Ra4 Bb6+ 41. Kf1 Rxa4 42. Bxa4 Bc5 43. Bc6 Kf6 44. a4 e4 45. Rb7 Rf8 46. a5
f3 47. gxf3 exf3 48. Rb3 Ke5 49. a6 Ke4 50. Rb5 Be3 51. Rb4+ Ke5 52. Rb3 Bd4
53. Rd3 Rf7 54. Bb7 Ba7 55. Rb3 Ke4 56. Rb4+ Kd3 57. Rb3+ Kc4 58. Rb2 Rg7 59.
Rf2 Bxf2 60. Kxf2 Rg2+ 61. Kxf3 Ra2 62. Kf4 Kc5 63. h4 Kb6 64. Kg5 Rf2 65. h5
1/2-1/2

[Event "Gausdal Classics 2008 GM-B"]
[Site "Gausdal NOR"]
[Date "2008.04.09"]
[Round "2.2"]
[White "Cox, John J"]
[Black "Flumbort, Andras"]
[Result "1/2-1/2"]
[WhiteElo "2380"]
[BlackElo "2499"]
[PlyCount "36"]
[EventDate "2008.04.08"]
[EventType "swiss"]
[EventRounds "9"]
[EventCountry "NOR"]
[Source "lmi"]
[SourceDate "2008.04.08"]

1. Nf3 c5 2. c4 Nc6 3. d4 cxd4 4. Nxd4 Nf6 5. g3 Qb6 6. Nb3 e6 7. Bg2 d5 8.
cxd5 Bb4+ 9. Bd2 exd5 10. O-O Bxd2 11. Qxd2 O-O 12. Rd1 Rd8 13. Nc3 Be6 14.
Rac1 Ne4 15. Qe1 Nxc3 16. Qxc3 Rac8 17. Qc5 Qa6 18. Qe3 d4 1/2-1/2